000
00304nam a22001337a 4500
999
_c
14841
_d
14841
020
_a
9813045078
082
_a
664
_b
JAY/MO
100
_a
Jay,James.M
_9
429
245
_a
Modern Food Microbiology
250
_a
4
260
_a
New Delhi
_b
CBS Publishers & Distributors
_c
2005
300
_a
701
942
_c
BK